000 00580nam a22001697a 4500
005 20241107135020.0
008 241107b |||||||| |||| 00| 0 eng d
050 _aS494.5.15 AFR
245 _aAfrica's Agricultural Development in the 1990s:
_bCan it be Sustained?
_cedited by Nathan C. Russell & Christopher R. Dowswell
260 _aArusha, Tanzania;
_bProceedings of a workshop;
_c1991;
300 _avi. 208p.;
_bill.;
_c25 cm
650 _2Agriculture
650 _2Africa
700 _aRussell, Nathan C. (ed.)
700 _aDowswell, Christopher R. (ed.)
942 _2lcc
_cBK
_n0
999 _c818
_d818